[Event "POL-ChT3"]
[Site "Lazy POL"]
[Date "2012.09.07"]
[Round "7"]
[White "Gmaj, Krzysztof"]
[Black "Walach, Marcin"]
[Result "1/2-1/2"]
[WhiteElo "2152"]
[BlackElo "2349"]
[EventDate "2012.09.01"]
[PlyCount "82"]

1.e4 e5 2.Nf3 Nc6 3.Nc3 Nf6 4.a3 d5 5.Bb5 d4 6.Ne2 Bd6 7.Bxc6+ bxc6 8.d3 
h6 9.Nxe5 Bxe5 10.f4 Bd6 11.e5 O-O 12.exd6 Bg4 13.O-O Re8 14.Re1 Qxd6 15.
h3 Bh5 16.g4 Nxg4 17.hxg4 Bxg4 18.Qd2 Qe7 19.Kf1 Qh4 20.Ng1 Qh1 21.Kf2 Re6
22.Rxe6 Bxe6 23.Nf3 Bd5 24.Qe2 Kf8 25.Kg3 Re8 26.Bd2 Rxe2 27.Bb4+ Kg8 28.
Rxh1 Rxc2 29.Rh2 Rc1 30.Nxd4 c5 31.Ne2 Rd1 32.Bxc5 Rxd3+ 33.Kf2 a5 34.Bd4 
a4 35.Bc3 f6 36.Ng1 Kf7 37.Rh3 Rxh3 38.Nxh3 Ke6 39.Kg3 Kf5 40.Ba5 c6 41.
Bd2 g5 1/2-1/2

[Event "POL-ChT3"]
[Site "Lazy POL"]
[Date "2012.09.07"]
[Round "7"]
[White "Kornasiewicz, Stanislaw"]
[Black "Morkisz, Bogdan"]
[Result "0-1"]
[WhiteElo "2214"]
[BlackElo "2119"]
[EventDate "2012.09.01"]
[PlyCount "102"]

1.e4 c5 2.d3 Nc6 3.g3 g6 4.Bg2 Bg7 5.Ne2 e6 6.O-O Nge7 7.c3 O-O 8.Be3 b6 
9.a4 Bb7 10.f4 d5 11.e5 Nf5 12.Bf2 h5 13.Na3 Qd7 14.Nc2 Rfd8 15.d4 Bf8 16.
Re1 Ba6 17.Bf1 Na5 18.Nc1 Bxf1 19.Rxf1 cxd4 20.Nxd4 Nxd4 21.Bxd4 Bc5 22.
Ne2 Nc4 23.Qc1 Rdc8 24.Rf2 Rab8 25.Kh1 Kh7 26.Rg2 Qe7 27.b3 Na5 28.Qb2 Nc6
29.Rd1 Bxd4 30.Nxd4 Nxd4 31.Rxd4 Qc5 32.Rd3 b5 33.f5 exf5 34.b4 Qc4 35.Rd4
Qxc3 36.Qxc3 Rxc3 37.Ra2 bxa4 38.Rxa4 Rb7 39.Rxd5 Rc4 40.Rda5 Rbxb4 41.
Rxb4 Rxb4 42.Rxa7 Kg8 43.Ra8+ Kg7 44.Kg2 Rb6 45.Ra5 Rb2+ 46.Kh3 Re2 47.Rb5
Kf8 48.Kh4 Rxh2+ 49.Kg5 Ke7 50.Rb7+ Ke6 51.Rb6+ Kxe5 0-1

[Event "POL-ChT3"]
[Site "Lazy POL"]
[Date "2012.09.07"]
[Round "7"]
[White "Pochcial, Jan"]
[Black "Osipow, Nikolaj"]
[Result "0-1"]
[WhiteElo "2094"]
[BlackElo "2179"]
[EventDate "2012.09.01"]
[PlyCount "82"]

1.e4 Nf6 2.e5 Nd5 3.d4 d6 4.c4 Nb6 5.exd6 exd6 6.Nc3 Be7 7.h3 O-O 8.Nf3 
Bf6 9.Be3 Re8 10.Rc1 Nc6 11.Be2 Bf5 12.O-O Bg6 13.Qd2 d5 14.b3 Be4 15.c5 
Nc8 16.Rfd1 Bf5 17.Bd3 Bxd3 18.Qxd3 N8e7 19.Bg5 Bxg5 20.Nxg5 g6 21.Re1 Nf5
22.Rxe8+ Qxe8 23.Nxd5 Qd8 24.Ne4 Kg7 25.Ne3 Nfxd4 26.Rd1 Qe7 27.b4 Rd8 28.
Kf1 Nxb4 29.Qc4 Nbc6 30.Nc3 Qe5 31.Ng4 Qe6 32.Qxe6 Nxe6 33.Rd5 Rxd5 34.
Nxd5 Ncd4 35.c6 Nxc6 36.Ngf6 Nb4 37.Nxb4 Kxf6 38.Ke2 Nf4+ 39.Kf3 Ke5 40.g3
Nd5 41.Nc2 b5 0-1

[Event "POL-ChT3"]
[Site "Lazy POL"]
[Date "2012.09.07"]
[Round "7"]
[White "Knopik, Krzysztof"]
[Black "Jelonek, Michal"]
[Result "1-0"]
[WhiteElo "2127"]
[BlackElo "2015"]
[EventDate "2012.09.01"]
[PlyCount "71"]

1.e4 e6 2.d4 d5 3.Nc3 Nf6 4.Bg5 Be7 5.e5 Nfd7 6.Bxe7 Qxe7 7.Qh5 a6 8.f4 c5
9.Nf3 cxd4 10.Nxd4 Nc6 11.O-O-O Nxd4 12.Rxd4 Nb8 13.Rd2 Nc6 14.Bd3 g6 15.
Qh6 Qf8 16.Qh4 Qe7 17.Qf2 Bd7 18.b3 O-O-O 19.Re1 Be8 20.Kb1 Kb8 21.Be2 Na5
22.Red1 Qc7 23.Ne4 Bb5 24.Nd6 Bxe2 25.Qxe2 f5 26.b4 Nc4 27.Nxc4 dxc4 28.
Rd6 Rxd6 29.exd6 Qd7 30.Qxc4 Rc8 31.Qd4 Rc6 32.Kb2 b5 33.g3 Kb7 34.Qe5 Rc4
35.Rd3 Qc6 36.Qg7+ 1-0

[Event "POL-ChT3"]
[Site "Lazy POL"]
[Date "2012.09.07"]
[Round "7"]
[White "Stec, Ewa"]
[Black "Gonsior, Monika"]
[Result "0-1"]
[WhiteElo "1988"]
[BlackElo "2028"]
[EventDate "2012.09.01"]
[PlyCount "72"]

1.e4 e5 2.Nf3 d6 3.d4 exd4 4.Nxd4 g6 5.Bd3 Bg7 6.c3 Nf6 7.O-O O-O 8.h3 Re8
9.Re1 d5 10.exd5 Qxd5 11.Rxe8+ Nxe8 12.Qf3 Qa5 13.Nb3 Qe5 14.Bf4 Qe7 15.
N1d2 Nc6 16.Nc4 Be6 17.Re1 Rd8 18.Nbd2 Nf6 19.Kf1 Nd5 20.Bg3 Qd7 21.Ne4 
Qe7 22.Ned2 h6 23.Ne5 Nxe5 24.Bxe5 Qg5 25.Bxg7 Kxg7 26.Ne4 Qf4 27.Nc5 Qxf3
28.Nxe6+ fxe6 29.gxf3 Nf4 30.Bc4 Kf6 31.h4 Rd2 32.Rb1 Kf5 33.Ke1 Rd6 34.
Kf1 a6 35.b4 Rc6 36.Bb3 Rxc3 0-1

[Event "POL-ChT3"]
[Site "Lazy POL"]
[Date "2012.09.07"]
[Round "7"]
[White "Matuszewski, Michal"]
[Black "Licznerski, Lukasz"]
[Result "1/2-1/2"]
[WhiteElo "2368"]
[BlackElo "2306"]
[EventDate "2012.09.01"]

1.d4 Nf6 2.c4 g6 3.Nc3 d5 4.Bg5 Bg7 5.Nf3 Ne4 6.cxd5 Nxg5 7.Nxg5 O-O 8.Nf3
c6 9.dxc6 Nxc6 10.e3 e5 11.dxe5 Nxe5 12.Be2 Nxf3+ 13.Bxf3 Qa5 14.O-O Be6 
15.Qe2 Rac8 16.Bxb7 Bc4 17.Qg4 h5 18.Qf4 Bxf1 19.Bxc8 Bxg2 20.Kxg2 Rxc8 
21.Rd1 Bxc3 22.Rd7 Qxa2 23.bxc3 Qe6 24.Qd4 a5 25.Rd8+ Rxd8 26.Qxd8+ Kg7 
27.Qxa5 Qg4+ 28.Kf1 Qd1+ 29.Kg2 Qg4+ 30.Kf1 Qd1+ 31.Kg2 Qg4+ 1/2-1/2

[Event "POL-ChT3"]
[Site "Lazy POL"]
[Date "2012.09.07"]
[Round "7"]
[White "Gralka, Julian"]
[Black "Tobolski, Jakub"]
[Result "1-0"]
[WhiteElo "2231"]
[BlackElo "2089"]
[EventDate "2012.09.01"]
[PlyCount "99"]

1.d4 Nf6 2.c4 g6 3.Nc3 d5 4.Nf3 Bg7 5.Qb3 dxc4 6.Qxc4 O-O 7.e4 a6 8.Qb3 b5
9.Be2 c5 10.dxc5 Bb7 11.O-O Nbd7 12.Rd1 Qc7 13.Nd5 Nxd5 14.exd5 Nxc5 15.
Qb4 Rac8 16.Bf4 a5 17.Bxc7 axb4 18.Be5 f6 19.Bf4 g5 20.Be3 g4 21.Nd4 f5 
22.Nc6 Bxc6 23.Bxc5 Bd7 24.Bxb4 Kf7 25.Rd2 Bh6 26.Rd3 Rc2 27.Bd1 Rc4 28.a3
Ra8 29.Rb1 f4 30.Bb3 Rxb4 31.axb4 Bf5 32.Rdd1 Bxb1 33.Rxb1 Ke8 34.Bc2 Kd7 
35.Bxh7 Kd6 36.Bd3 Kxd5 37.Bxb5 Rb8 38.Be2 g3 39.Rd1+ Ke5 40.b5 gxf2+ 41.
Kxf2 Bg7 42.Bc4 Kf5 43.b3 Bc3 44.Rd3 Ba5 45.Rd5+ e5 46.Kf3 Rh8 47.Bd3+ Ke6
48.Ke4 Bc7 49.b6 f3 50.gxf3 
    ( 50.bxc7 fxg2 51.Rd8 )
1-0

[Event "POL-ChT3"]
[Site "Lazy POL"]
[Date "2012.09.07"]
[Round "7"]
[White "Matuszczyk, Przemyslaw"]
[Black "Wozniak, Marcin"]
[Result "1/2-1/2"]
[WhiteElo "2067"]
[BlackElo "2215"]
[EventDate "2012.09.01"]
[PlyCount "79"]

1.Nf3 Nf6 2.g3 b6 3.Bg2 Bb7 4.O-O e6 5.d3 d5 6.Nbd2 Be7 7.h3 O-O 8.Re1 a5 
9.Ne5 Bd6 10.d4 c5 11.e3 Nbd7 12.f4 Rc8 13.c3 b5 14.Kh2 Qc7 15.Nxd7 Nxd7 
16.dxc5 Nxc5 17.e4 b4 18.e5 Be7 19.cxb4 axb4 20.Nf3 Ba6 21.Be3 Ne4 22.Nd4 
Rfd8 23.Qg4 g6 24.Nxe6 fxe6 25.Qxe6+ Kh8 26.Qxa6 Nc5 27.Bxc5 Qxc5 28.Qe2 
Qc2 29.Rad1 Qxe2 30.Rxe2 d4 31.Be4 Kg7 32.Red2 Bc5 33.g4 Bb6 34.Bd3 Rc5 
35.Re2 g5 36.fxg5 Bc7 37.Ree1 Kg8 38.Kg2 Rxe5 39.Rxe5 Bxe5 40.Kf3 1/2-1/2

[Event "POL-ChT3"]
[Site "Lazy POL"]
[Date "2012.09.07"]
[Round "7"]
[White "Bokiej, Przemyslaw"]
[Black "Wolynski, Krzysztof"]
[Result "1/2-1/2"]
[WhiteElo "2189"]
[BlackElo "2056"]
[EventDate "2012.09.01"]
[PlyCount "40"]

1.e4 e5 2.Nc3 Nf6 3.g3 Bc5 4.Bg2 Nc6 5.Nge2 a6 6.O-O d6 7.h3 Be6 8.Nd5 Nd4
9.Nxd4 Bxd4 10.c3 Ba7 11.d4 O-O 12.Bg5 Bxd5 13.exd5 h6 14.Be3 Nd7 15.g4 
Qh4 16.Qd3 Rae8 17.Qc4 Bb6 18.a4 Rc8 19.Qb3 Rb8 20.Qc4 Rbc8 1/2-1/2

[Event "POL-ChT3"]
[Site "Lazy POL"]
[Date "2012.09.07"]
[Round "7"]
[White "Cichy, Kamil"]
[Black "Gralka, Przemyslaw"]
[Result "0-1"]
[WhiteElo "1992"]
[BlackElo "2289"]
[EventDate "2012.09.01"]
[PlyCount "126"]

1.e4 d5 2.exd5 Qxd5 3.Nc3 Qa5 4.Bc4 Nf6 5.h3 Bf5 6.d3 e6 7.Bd2 c6 8.g4 Bg6
9.f4 h5 10.g5 Ng8 11.Nf3 h4 12.Ne5 Bh5 13.Ne2 Qb6 14.g6 Nh6 15.gxf7+ Nxf7 
16.Nxf7 Bxf7 17.Bc3 Nd7 18.Qd2 Bc5 19.d4 Bd6 20.O-O-O Qc7 21.f5 Nb6 22.
fxe6 Nxc4 23.exf7+ Qxf7 24.Qg5 Rh5 25.Qg4 Qf5 26.Qxg7 Ne3 27.Qg8+ Bf8 28.
Rd3 O-O-O 29.Qg1 Nd5 30.Bd2 Re8 31.Nc3 Nb4 32.d5 Nxd3+ 33.cxd3 Qf3 34.dxc6
bxc6 35.Rh2 Kb7 36.Qg6 Rhe5 37.Qh7+ Be7 38.Ne4 Kb6 39.Nc3 Qf1+ 40.Kc2 Qg1 
41.Bf4 Re6 42.Qf7 Qg6 43.Qxg6 Rxg6 44.Re2 Rgg8 45.Re4 Kb7 46.Rc4 Ref8 47.
Re4 Rf7 48.Ne2 Rg2 49.Kb3 Rf2 50.Be5 Kc8 51.Nd4 Kd7 52.a4 a6 53.Ne2 Bf6 
54.Nc3 Bxe5 55.Rxe5 R2f3 56.Ne4 Rxd3+ 57.Kc4 Rd5 58.Nc5+ Kc7 59.Re4 Rf1 
60.Nxa6+ Kb6 61.Nb8 Rf8 62.a5+ Kb7 63.Nxc6 Kxc6 0-1

[Event "POL-ChT3"]
[Site "Lazy POL"]
[Date "2012.09.07"]
[Round "7"]
[White "Wesolowska, Edyta"]
[Black "Krupa, Anna"]
[Result "1-0"]
[WhiteElo "1951"]
[BlackElo "1888"]
[EventDate "2012.09.01"]

1.d4 d5 2.c4 c6 3.Nf3 Nf6 4.e3 a6 5.c5 Bg4 6.Be2 Nbd7 7.Nc3 Bxf3 8.Bxf3 g6
9.O-O Bg7 10.Be2 e5 11.b4 O-O 12.a4 Re8 13.Rb1 exd4 14.exd4 Ne4 15.Bb2 Ng5
16.f4 Ne6 17.f5 Ng5 18.Qd3 Nf6 19.Rbe1 Nge4 20.Nb1 Nd7 21.Bc1 Qf6 22.fxg6 
Qxd4+ 23.Be3 1-0

[Event "POL-ChT3"]
[Site "Lazy POL"]
[Date "2012.09.07"]
[Round "7"]
[White "Jagodzinski, Piotr"]
[Black "Staroszczyk, Mateusz"]
[Result "1-0"]
[WhiteElo "2167"]
[BlackElo "2024"]
[EventDate "2012.09.01"]
[PlyCount "71"]

1.e4 c5 2.Nf3 e6 3.c3 d5 4.exd5 exd5 5.d4 Nc6 6.Be2 Nf6 7.O-O Bd6 8.dxc5 
Bxc5 9.Nbd2 O-O 10.Nb3 Bb6 11.Bg5 Be6 12.Nbd4 h6 13.Bh4 g5 14.Bg3 Ne4 15.
Bd3 Nxg3 16.hxg3 Qf6 17.Bc2 Nxd4 18.Nxd4 Bxd4 19.cxd4 Rfc8 20.Qd3 Rc4 21.
Rad1 Rac8 22.Bb3 Bg4 23.Rd2 Rc1 24.Bxd5 Qf5 25.Bf3 Rxf1+ 26.Qxf1 Bxf3 27.
gxf3 Qxf3 28.d5 Rc5 29.d6 Rd5 30.Qe1 Rxd2 31.Qxd2 Qf6 32.Qd5 Qd8 33.d7 b6 
34.g4 Kg7 35.Qc6 a5 36.Qc8 1-0

[Event "POL-ChT3"]
[Site "Lazy POL"]
[Date "2012.09.07"]
[Round "7"]
[White "Krasiewicz, Robert"]
[Black "Goluch, Piotr"]
[Result "0-1"]
[WhiteElo "2033"]
[BlackElo "2239"]
[EventDate "2012.09.01"]

1.d4 Nf6 2.c4 c5 3.Nf3 g6 4.g3 Bg7 5.Bg2 O-O 6.O-O cxd4 7.Nxd4 Nc6 8.Nc3 
Nxd4 9.Qxd4 d6 10.Bg5 h6 11.Bd2 Ng4 12.Qd5 Be6 13.Qb5 a6 14.Qa4 Rb8 15.
Rac1 Ne5 16.b3 b5 17.cxb5 axb5 18.Qb4 Qd7 19.Nd5 Bxd5 20.Bxd5 e6 21.Bg2 d5
22.Rc5 Nc6 23.Qh4 Nd4 24.Re1 Rfc8 25.Rxc8+ Rxc8 26.e3 Rc2 27.Ba5 Nf5 28.
Qd8+ Qxd8 29.Bxd8 Rxa2 30.Bf1 Bc3 31.Rd1 b4 32.Bb5 Nd6 33.Ba4 Ne4 34.Rf1 
Nc5 35.Be7 Nxa4 36.bxa4 b3 0-1

[Event "POL-ChT3"]
[Site "Lazy POL"]
[Date "2012.09.07"]
[Round "7"]
[White "Kalvaitis, Sigitas"]
[Black "Maciaga, Marcin"]
[Result "0-1"]
[WhiteElo "2233"]
[BlackElo "2197"]
[EventDate "2012.09.01"]
[PlyCount "76"]

1.e4 c5 2.Nf3 d6 3.c3 Nf6 4.Be2 Nc6 5.d4 g6 6.O-O Bg7 7.Re1 O-O 8.Bf1 cxd4
9.cxd4 Bg4 10.h3 Bxf3 11.gxf3 e5 12.d5 Nd4 13.Nc3 Nh5 14.Be3 Qh4 15.Bg2 
Nf4 16.Bxf4 Qxf4 17.Qd3 Rac8 18.Ne2 Nxe2+ 19.Rxe2 Rc1+ 20.Re1 Rc7 21.Qa3 
Rfc8 22.Qxa7 Rc2 23.Qxb7 Qd2 24.Rf1 Bh6 25.Rad1 Qe2 26.Rde1 Qc4 27.b3 Qd4 
28.a4 Kg7 29.Rd1 Qb2 30.Rb1 Qc3 31.Qb6 Re2 32.Qa6 Rc2 33.Rbe1 Rd2 34.Qxd6 
Bf4 35.Qb6 Qd3 36.a5 Rcc2 37.a6 Bg3 38.Re3 Rxf2 0-1

[Event "POL-ChT3"]
[Site "Lazy POL"]
[Date "2012.09.07"]
[Round "7"]
[White "Sliwinski, Marcin"]
[Black "Cajbel, Maciej"]
[Result "0-1"]
[WhiteElo "2108"]
[BlackElo "2237"]
[EventDate "2012.09.01"]
[PlyCount "54"]

1.e4 c5 2.Nf3 Nc6 3.Bb5 Qb6 4.Bxc6 Qxc6 5.d3 g6 6.O-O Bg7 7.Nc3 d6 8.h3 
Nf6 9.Be3 O-O 10.Qd2 Re8 11.Nh2 d5 12.exd5 Nxd5 13.Bh6 Bh8 14.Rae1 Nxc3 
15.bxc3 b6 16.Re2 Bb7 17.f3 e5 18.Ng4 Re6 19.Rfe1 Rae8 20.Bg5 h5 21.Ne3 
Qa4 22.c4 Qxa2 23.Nd1 Qa4 24.Nc3 Qd7 25.Ra1 Bc6 26.Bh4 e4 27.fxe4 Qd4+ 0-1

[Event "POL-ChT3"]
[Site "Lazy POL"]
[Date "2012.09.07"]
[Round "7"]
[White "Czachor, Radoslaw"]
[Black "Moskwinski, Tadeusz"]
[Result "0-1"]
[WhiteElo "2063"]
[BlackElo "2078"]
[EventDate "2012.09.01"]
[PlyCount "70"]

1.e4 c5 2.Nf3 d6 3.d4 cxd4 4.Nxd4 Nf6 5.Nc3 a6 6.Be2 e5 7.Nb3 Be6 8.O-O 
Nbd7 9.f4 Rc8 10.Kh1 Be7 11.Be3 Qc7 12.Nd5 Bxd5 13.exd5 O-O 14.c4 Rfe8 15.
Rc1 Bf8 16.fxe5 Nxe5 17.Nd4 Nfd7 18.Qe1 g6 19.Rc3 Bg7 20.Qh4 Nc5 21.Bh6 f5
22.Rh3 Bxh6 23.Qxh6 Qg7 24.Qf4 a5 25.b3 Qf6 26.a3 Ned7 27.b4 axb4 28.axb4 
Re4 29.Qh6 Nf8 30.Nxf5 Rxe2 31.Ng3 Rf2 32.Rg1 Nd3 33.Ne4 Qf4 34.Nxd6 Qxd6 
35.Rxd3 Rxc4 0-1

[Event "POL-ChT3"]
[Site "Lazy POL"]
[Date "2012.09.07"]
[Round "7"]
[White "Andrzejewska, Anna"]
[Black "Ogonowska, Katarzyna"]
[Result "0-1"]
[WhiteElo "1990"]
[BlackElo "1846"]
[EventDate "2012.09.01"]

1.e4 c5 2.Nf3 d6 3.d4 cxd4 4.Nxd4 Nf6 5.Nc3 g6 6.Be3 Bg7 7.f3 O-O 8.Bc4 
Nc6 9.Qd2 Ne5 10.Bb3 Bd7 11.g4 b5 12.Ndxb5 Bxb5 13.O-O-O Nc4 14.Qf2 Nxe3 
15.Qxe3 Bc6 16.h4 Qb6 17.Qd2 a5 18.a4 Nd7 19.h5 Nc5 20.hxg6 Nxb3+ 21.cxb3 
hxg6 22.Qh2 Rfc8 23.Qh7+ Kf8 24.Rh2 Qxb3 25.Rdh1 e6 26.Qh4 Bxa4 27.Qg5 
Rxc3+ 28.Kb1 Kg8 29.Rh7 Qc2+ 30.Ka2 Ra3+ 31.Kxa3 Qb3# 0-1

[Event "POL-ChT3"]
[Site "Lazy POL"]
[Date "2012.09.07"]
[Round "7"]
[White "Chomczyk, Marek"]
[Black "Muc, Marcin"]
[Result "0-1"]
[WhiteElo "1876"]
[BlackElo "2165"]
[EventDate "2012.09.01"]

1.e4 c5 2.Nf3 Nc6 3.d4 cxd4 4.Nxd4 g6 5.Nc3 Bg7 6.Be3 Nf6 7.Bc4 Qa5 8.O-O 
d6 9.h3 Bd7 10.Bb3 O-O 11.f4 Nxd4 12.Bxd4 Bc6 13.e5 dxe5 14.fxe5 Nh5 15.
Qe1 Rad8 16.Qf2 Kh8 17.Bxa7 Bxe5 18.Bb6 Qxb6 19.Qxb6 Bd4+ 20.Qxd4+ Rxd4 
21.Rad1 Rxd1 22.Nxd1 Kg7 23.Ne3 f5 24.Bd5 Bxd5 25.Nxd5 e5 26.c4 Rd8 27.a4 
Nf6 28.Nb6 Kf7 29.b4 Ke6 30.a5 Rd4 31.a6 bxa6 32.Ra1 Ne4 33.g4 f4 34.Rxa6 
Rd1+ 35.Kg2 Rd2+ 36.Kg1 f3 37.Nd5+ Kf7 38.Ra7+ Kf8 39.Ra8+ Kg7 40.Ra7+ Kh6
41.Ne3 Ng3 42.Nf1 Rg2# 0-1

[Event "POL-ChT3"]
[Site "Lazy POL"]
[Date "2012.09.07"]
[Round "7"]
[White "Fistek, Dariusz"]
[Black "Powalka, Michal"]
[Result "1-0"]
[WhiteElo "2242"]
[BlackElo "1767"]
[EventDate "2012.09.01"]

1.d4 Nf6 2.c4 g6 3.Nc3 Bg7 4.g3 O-O 5.Bg2 d6 6.Nf3 Nbd7 7.O-O e5 8.h3 exd4
9.Nxd4 Re8 10.e4 Nc5 11.Re1 h6 12.Rb1 Ne6 13.Nc2 Nd7 14.f4 a5 15.Be3 Nec5 
16.Bd4 Bxd4+ 17.Nxd4 Nf6 18.Ndb5 Bd7 19.Qd4 Nh5 20.Kh2 Qb8 21.Rbd1 Bc6 22.
b3 b6 23.Nd5 Bxd5 24.cxd5 Qd8 25.e5 Qd7 26.Qc4 Rad8 27.Nd4 dxe5 28.fxe5 
Kg7 29.Nc6 Rc8 30.g4 Ng3 31.Kxg3 h5 32.Qf4 h4+ 33.Kh2 1-0

[Event "POL-ChT3"]
[Site "Lazy POL"]
[Date "2012.09.07"]
[Round "7"]
[White "Kowalec, Maciej"]
[Black "Lusio, Daniel"]
[Result "0-1"]
[WhiteElo "1697"]
[BlackElo "1861"]
[EventDate "2012.09.01"]
[PlyCount "52"]

1.d4 Nf6 2.c4 g6 3.Nc3 d5 4.cxd5 Nxd5 5.Bd2 Bg7 6.e4 Nb6 7.Be3 O-O 8.Be2 
Nc6 9.Nf3 Bg4 10.d5 Bxf3 11.gxf3 Ne5 12.Qb3 c6 13.f4 Ned7 14.dxc6 bxc6 15.
h4 Rb8 16.Qc2 e6 17.h5 Qe7 18.hxg6 fxg6 19.Bd3 Nc5 20.Be2 a5 21.e5 Ncd7 
22.Ne4 Nd5 23.Ng5 Nxf4 24.Nxh7 Ng2+ 25.Kd1 Nxe3+ 26.fxe3 Rf5 0-1

[Event "POL-ChT3"]
[Site "Lazy POL"]
[Date "2012.09.07"]
[Round "7"]
[White "Wozny, Tomasz"]
[Black "Kowalski, Igor"]
[Result "1-0"]
[WhiteElo "1783"]
[BlackElo "1770"]
[EventDate "2012.09.01"]
[PlyCount "73"]

1.d4 Nf6 2.c4 d6 3.g3 Nbd7 4.Nf3 e5 5.Bg2 Be7 6.Nc3 O-O 7.O-O c6 8.h3 a6 
9.a4 a5 10.e4 Qc7 11.Be3 Rd8 12.Qc2 Nf8 13.Rfe1 Ne6 14.Rad1 Bd7 15.d5 cxd5
16.exd5 Nc5 17.Nd2 b6 18.f4 exf4 19.Bxf4 Re8 20.g4 Rac8 21.b3 Kh8 22.Nf3 
Na6 23.Kh1 Bf8 24.Ng5 Kg8 25.Nce4 Nxe4 26.Bxe4 g6 27.Qf2 f6 28.Ne6 Bxe6 
29.dxe6 Be7 30.Qd4 Red8 31.Rf1 Nc5 32.Bd5 Nxb3 33.Qb2 Nc5 34.Bh6 Rf8 35.g5
Ne4 36.Bxe4 Qxc4 37.Bd5 1-0

[Event "POL-ChT3"]
[Site "Lazy POL"]
[Date "2012.09.07"]
[Round "7"]
[White "Gluszko, Monika"]
[Black "Sygulska, Anna"]
[Result "1-0"]
[WhiteElo "1990"]
[BlackElo "1898"]
[EventDate "2012.09.01"]
[PlyCount "75"]

1.e4 c5 2.Nf3 Nc6 3.d4 cxd4 4.Nxd4 g6 5.Nc3 Bg7 6.Be3 Qa5 7.Bc4 Nf6 8.f3 
O-O 9.Bb3 d6 10.Qd2 Bd7 11.O-O-O Rfd8 12.h4 Rac8 13.g4 h5 14.gxh5 Qxh5 15.
Rdg1 Nxd4 16.Bxd4 Qxf3 17.h5 e5 18.Rf1 Qg4 19.Bxa7 Be6 20.Rfg1 Qf3 21.Bxe6
fxe6 22.h6 Bh8 23.Bb6 Rd7 24.Rxg6+ Kh7 25.Rhg1 Nxe4 26.Nxe4 Qxe4 27.R6g4 
Qf5 28.Rg5 Qe4 29.Re1 Qc4 30.Qg2 Rf7 31.Rg4 Qc6 32.Be3 d5 33.Rg1 Rfc7 34.
c3 d4 35.Qc2+ e4 36.Rxe4 Be5 37.Rxe5+ Kh8 38.Bxd4 1-0

[Event "POL-ChT3"]
[Site "Lazy POL"]
[Date "2012.09.07"]
[Round "7"]
[White "Kukula, Pawel"]
[Black "Steczek, Marcin"]
[Result "0-1"]
[WhiteElo "2256"]
[BlackElo "2409"]
[EventDate "2012.09.01"]

1.d4 Nf6 2.c4 e6 3.Nc3 Bb4 4.e3 c5 5.a3 Bxc3+ 6.bxc3 O-O 7.Bd3 d6 8.Ne2 e5
9.O-O Nc6 10.d5 e4 11.dxc6 exd3 12.cxb7 Bxb7 13.Qxd3 Ng4 14.f4 f5 15.h3 
Be4 16.Qd2 Nf6 17.Ng3 Bc6 18.Rd1 Ne4 19.Nxe4 Bxe4 20.Qxd6 Qxd6 21.Rxd6 
Rfd8 22.Rd2 Rab8 23.Raa2 Rxd2 24.Bxd2 Rb1+ 25.Kf2 Kf7 26.a4 Ke6 27.Be1 Kd7
28.a5 Kc7 29.g4 g6 30.gxf5 gxf5 31.Ke2 Kc6 32.h4 h5 33.Rd2 Ra1 34.Rd8 Rxa5
35.Rh8 Ra2+ 36.Bd2 a5 37.Rxh5 a4 38.Rh8 a3 39.h5 Kb7 40.h6 Rxd2+ 41.Kxd2 
a2 42.h7 a1=Q 43.Rb8+ Kxb8 44.h8=Q+ Ka7 45.Qg7+ Bb7 46.Qc7 Qb2+ 47.Kd3 Ka6
48.Qd6+ Qb6 49.Qe5 Be4+ 50.Kd2 Qb2+ 51.Ke1 Qb1+ 52.Kf2 Qa2+ 53.Ke1 Qxc4 
54.Qd6+ Ka5 55.Qd8+ Ka4 56.Qd1+ Ka3 57.Qc1+ Kb3 58.Qd1+ Bc2 0-1

[Event "POL-ChT3"]
[Site "Lazy POL"]
[Date "2012.09.07"]
[Round "7"]
[White "Meczynski, Waldemar"]
[Black "Krainski, Aleksander"]
[Result "1-0"]
[WhiteElo "2153"]
[BlackElo "2244"]
[EventDate "2012.09.01"]

1.e4 e6 2.d4 d5 3.Nc3 Nf6 4.Bg5 Be7 5.e5 Nfd7 6.Bxe7 Qxe7 7.f4 O-O 8.Nf3 
c5 9.Bd3 f6 10.O-O Nc6 11.exf6 Nxf6 12.dxc5 Qxc5+ 13.Kh1 Bd7 14.Ne5 Be8 
15.Qe2 Nb4 16.Rae1 Qb6 17.f5 Nxd3 18.Qxd3 Rd8 19.fxe6 Qxe6 20.Qd4 Qb6 21.
Qxb6 axb6 22.Kg1 Rc8 23.Rf4 Bc6 24.Rb4 Rfe8 25.Nf3 Rxe1+ 26.Nxe1 Be8 27.
Nf3 Rc6 28.Kf1 Kf8 29.Ke1 Ke7 30.Nd4 Rc7 31.Rxb6 Bg6 32.Rxf6 1-0

[Event "POL-ChT3"]
[Site "Lazy POL"]
[Date "2012.09.07"]
[Round "7"]
[White "Pacuszka, Tomasz"]
[Black "Walaszczyk, Witold"]
[Result "0-1"]
[WhiteElo "2273"]
[BlackElo "2210"]
[EventDate "2012.09.01"]

1.Nc3 d5 2.e4 dxe4 3.Nxe4 g6 4.h4 h5 5.Bc4 Bg7 6.Ng5 Nh6 7.N1f3 Bg4 8.d4 
O-O 9.c3 c5 10.O-O cxd4 11.cxd4 Nc6 12.Be3 e6 13.Qd2 Nf5 14.Bxe6 Nxe3 15.
Nxf7 Qf6 16.Nh6+ Kh8 17.Nxg4 Nxf1 18.Qe2 hxg4 19.Ng5 Nxd4 20.Qxg4 Qxf2+ 
21.Kh1 Ne2 22.Ne4 Qg1# 0-1

[Event "POL-ChT3"]
[Site "Lazy POL"]
[Date "2012.09.07"]
[Round "7"]
[White "Swiatnicki, Andrzej"]
[Black "Krainski, Slawomir"]
[Result "1/2-1/2"]
[WhiteElo "2127"]
[BlackElo "2029"]
[EventDate "2012.09.01"]
[PlyCount "80"]

1.e4 c5 2.Nf3 a6 3.c4 e6 4.Nc3 Qc7 5.d4 cxd4 6.Nxd4 Nf6 7.Bd3 Nc6 8.Nxc6 
dxc6 9.O-O e5 10.h3 Bc5 11.Bg5 Nd7 12.Qe2 Nf8 13.Be3 Ne6 14.Bxc5 Nxc5 15.
Rad1 Ne6 16.Qe3 O-O 17.Ne2 Rd8 18.f4 exf4 19.Nxf4 Nxf4 20.Rxf4 Qe5 21.Kh1 
Be6 22.b3 c5 23.Rff1 Rd4 24.Bc2 Rad8 25.Rxd4 cxd4 26.Rd1 Rd6 27.Qf2 b5 28.
cxb5 axb5 29.Bd3 Bd7 30.Rf1 Rf6 31.Qe2 Rxf1+ 32.Qxf1 g6 33.Qe2 Kg7 34.Kg1 
b4 35.Qd2 Qg3 36.Kf1 Kf6 37.Bc4 Ke5 38.Qxb4 Qf4+ 39.Kg1 Qe3+ 40.Kf1 Qf4+ 
1/2-1/2

[Event "POL-ChT3"]
[Site "Lazy POL"]
[Date "2012.09.07"]
[Round "7"]
[White "Knoff, Mariusz"]
[Black "Smagalski, Slawomir"]
[Result "1/2-1/2"]
[WhiteElo "2088"]
[BlackElo "2028"]
[EventDate "2012.09.01"]
[PlyCount "79"]

1.d4 Nf6 2.Nf3 e6 3.Bf4 d5 4.e3 Be7 5.h3 Nbd7 6.Bd3 O-O 7.O-O h6 8.Nbd2 b6
9.a4 c5 10.c4 Bb7 11.Qb1 cxd4 12.exd4 dxc4 13.Bxc4 Nd5 14.Bg3 Rc8 15.Qd3 
N7f6 16.Rfe1 Nb4 17.Qb3 Nc6 18.Qd3 Bb4 19.Red1 Bxd2 20.Rxd2 Nb4 21.Qb3 
Bxf3 22.Qxb4 a5 23.Qb3 Ne4 24.Rc2 Nxg3 25.Qxf3 Qxd4 26.Rd1 Qe4 27.Qxe4 
Nxe4 28.f3 Nc5 29.Bb5 Rfd8 30.Rcd2 Rxd2 31.Rxd2 Rb8 32.Kf2 Kf8 33.Rd6 Ke7 
34.Rc6 Kd8 35.Ke3 Rb7 36.f4 Nd7 37.Rd6 Ke7 38.Rc6 Kd8 39.Rd6 Ke7 40.Rc6 
1/2-1/2

[Event "POL-ChT3"]
[Site "Lazy POL"]
[Date "2012.09.07"]
[Round "7"]
[White "Swiatnicka, Malgorzata"]
[Black "Filipek, Halina"]
[Result "1-0"]
[WhiteElo "1819"]
[BlackElo "1760"]
[EventDate "2012.09.01"]

1.e4 d6 2.d4 Nf6 3.Nc3 e5 4.f4 Nbd7 5.Nf3 exd4 6.Qxd4 Nc5 7.Bc4 Be6 8.Be3 
Ng4 9.Bg1 Qf6 10.Nb5 Qxd4 11.Bxd4 Bxc4 12.Nxc7+ Kd7 13.Nxa8 b6 14.h3 Nf6 
15.O-O-O Kc6 16.e5 Nh5 17.Be3 Ng3 18.Rhe1 Be2 19.Nd4+ Kb7 20.Nxe2 Nxe2+ 
21.Rxe2 Kxa8 22.exd6 Nd7 23.Bf2 Kb7 24.Re8 Rg8 25.Rd3 g5 26.fxg5 Rxg5 27.
Rxf8 1-0

[Event "POL-ChT3"]
[Site "Lazy POL"]
[Date "2012.09.07"]
[Round "7"]
[White "Bielinski, Dariusz"]
[Black "Paprocki, Jaroslaw"]
[Result "1/2-1/2"]
[WhiteElo "2215"]
[BlackElo "2224"]
[EventDate "2012.09.01"]
[PlyCount "111"]

1.e4 e5 2.Nc3 Nf6 3.a3 d6 4.Bc4 Be7 5.d3 O-O 6.Nge2 c6 7.O-O Nbd7 8.Kh1 
Nc5 9.f4 exf4 10.Nxf4 Ne6 11.Nh5 Nxh5 12.Qxh5 Bf6 13.Be3 g6 14.Qe2 Be5 15.
h3 Qh4 16.Qf2 Bg3 17.Qf6 Qxf6 18.Rxf6 Be5 19.Rf2 b5 20.Bb3 Nd4 21.Bxd4 
Bxd4 22.Rf3 Be6 23.Bxe6 fxe6 24.Raf1 Rxf3 25.Rxf3 a5 26.Nd1 Bg7 27.Kg1 a4 
28.Kf1 c5 29.Ke2 b4 30.Kd2 Bh6+ 31.Ne3 bxa3 32.bxa3 Rb8 33.Kc3 Bg7+ 34.Kd2
Rb1 35.Rf1 Rxf1 36.Nxf1 Bb2 37.Ne3 Bxa3 38.c3 Bb2 39.Kc2 a3 40.Nc4 d5 41.
exd5 exd5 42.Nb6 d4 43.cxd4 cxd4 44.Nc4 Kf7 45.Kb3 Bc1 46.Nxa3 Ke6 47.Nc4 
Kf5 48.Kc2 Bg5 49.Kd1 Kf4 50.Ke2 Kg3 51.Kf1 Bf4 52.Nb6 h5 53.Nd7 Bd2 54.
Nc5 Bc3 55.Ne4+ Kf4 56.Kf2 1/2-1/2

[Event "POL-ChT3"]
[Site "Lazy POL"]
[Date "2012.09.07"]
[Round "7"]
[White "Lewandowski, Krzysztof"]
[Black "Sroka, Janusz"]
[Result "0-1"]
[WhiteElo "2136"]
[BlackElo "2109"]
[EventDate "2012.09.01"]

1.d4 Nf6 2.c4 g6 3.Nc3 Bg7 4.e4 d6 5.f3 a6 6.Be3 Nc6 7.Nge2 Rb8 8.Qd2 O-O 
9.Nc1 e5 10.d5 Nd4 11.N1e2 c5 12.dxc6 bxc6 13.Nxd4 exd4 14.Bxd4 Re8 15.Be2
d5 16.exd5 cxd5 17.cxd5 Rb4 18.O-O Ne4 19.fxe4 Bxd4+ 20.Kh1 Be5 21.g3 Bh3 
22.Rf2 Bd4 23.Rf3 Bxc3 24.bxc3 Rbxe4 25.Bf1 Bg4 26.Rf2 Qd6 27.Bg2 R4e5 28.
Raf1 Be2 29.Rc1 Bc4 30.Kg1 h5 31.Bf3 Re3 32.Qd4 Qa3 33.Rcc2 Bd3 34.Rcd2 
Qc1+ 35.Rd1 Re1+ 36.Kg2 Rxd1 37.Bxd1 Qxd1 38.Qf4 Bf5 39.c4 Re1 0-1